Statistics for Top 10 Main Languages of Australia

Click here to take the quiz!

General Stats

  • This quiz has been taken 341 times
    (175 since last reset)
  • The average score is 7 of 10

Answer Stats

# SpeakersLanguage% Correct
17,586,130English
99%
145,140Spanish
87%
604,750Mandarin
81%
169,330Hindi
76%
290,030Italian
71%
338,660Arabic
69%
290,120Vietnamese
67%
290,280Cantonese
65%
241,900Greek
49%
140,350Punjabi
33%

Score Distribution

Percentile by Number Answered

Percent of People with Each Score

Your Score History

You have not taken this quiz since the last reset